1730 1050 1770 1503 1879 1130 1235 1538 1897 1175 1553 1287 1636 1828 1037 1505 1490 1298 1033 1092 1456 1137 1647 1919 1299 1058 1049 1429 1816 1073 1434 1622 1132 1183 1721 1079 1498 1868 1891 1689 1881 1042 1092 1616 1728 1762 1267 1086 1303 1566 1546 1201 1862 1189 1857 1944 1625 1668 1457 1625 1973 1347 1771 1639 1704 1098 1851 1294 1369 1466 1361 1963 1394 1703 1915 1035 1715 1126 1817 1559 1971 1771 1958 1534 1548 1553 1409 1895 1146 1655 1925 1947 1073 1124 1838 1411 1341 1630 1246 BCNSPRNW ULIB Ver.6.0+V

เปลี่ยนเป็นภาษาไทย

Change to English
 แสดงรายละเอียดบรรณานุกรม
  กลับหน้าหลัก

Brief Record : Get Marc (ISO 2709) : E-mail record : QR code < ปิดหน้าต่าง
LEADER : 00000nam 2200000uu 4500
001    13399111806
003     ULIB
008    110627s2552||||th 000 0 tha d
020    9786117123122
090    นว.^bอ333ห 2552
100 0  อรพิชชา
245 00 หนี้รักกับดักหัวใจ/^cอรพิชชา
250    พิมพ์ครั้งที่ 1
260    กรุงเทพฯ :^bกรีนมายด์,^c2552
300    238 หน้า
945    ^p179^l0^i026036
995    ทศพร
999 ^a ใช้งานได้ทุกระบบ
รายการนี้ยังไม่มีแท็ก
คุณยังไม่ได้ล็อกอิน คุณสามารถมีกิจกรรมร่วมกับเว็บไซต์ได้ แต่ต้องล็อกอินก่อน ::
  ล็อกอิน

รายการสื่อสารสนเทศ

ลำดับที่ ประเภท เลขเรียก/บาร์โค้ด สถานที่ สถานะ
- ไม่พบข้อมูล -

BibComment


ยังไม่เคยถูกคอมเมนท์

คอมเมนท์ทรัพยากรรายการนี้
  คอมเมนท์: หนี้รักกับดักหัวใ..


 Copyright 2026. Bcnsprnw @Library